A family affair : un air de famille /

Bibliographic Details
Main Author: Jaoui, Agnès
Other Authors: Bacri, Jean-Pierre, De la Tour, Andy
Format: Book
Language:English
Published: London : Oberon, 2000.
Series:Oberon modern plays.

MARC

Tag First Indicator Second Indicator Subfields
LEADER 00000cam a2200000 a 4500
001 in00001663173
005 20151023125510.0
008 011105s2000 enk 000 0 eng
015 |a GBA0-W1498 
020 |a 1840021942 
035 |a (OCoLC)ocm45304316 
040 |a UKM  |c UKM  |d IXA  |d WAU  |d TXA  |d UtOrBLW 
041 1 |a eng  |h fre 
049 |a TXAM 
082 0 4 |a 842.914  |2 21 
090 |a PQ2670.A586  |b A6413 2000 
100 1 |a Jaoui, Agnès. 
240 1 0 |a Air de famille.  |l English 
245 1 2 |a A family affair :  |b un air de famille /  |c Agnes Jaoui, Jean Pierre Bacri ; adapted by Andy de la Tour. 
264 1 |a London :  |b Oberon,  |c 2000. 
300 |a 80 pages ;  |c 21 cm. 
336 |a text  |b txt  |2 rdacontent 
337 |a unmediated  |b n  |2 rdamedia 
338 |a volume  |b nc  |2 rdacarrier 
490 1 |a Oberon modern plays 
700 1 |a Bacri, Jean-Pierre. 
700 1 |a De la Tour, Andy. 
830 0 |a Oberon modern plays. 
994 |a E0  |b TXA 
948 |a cataloged  |b h  |c 2002/2/20  |d c  |e lmiller  |f 3:17:46 pm 
999 |a MARS 
999 f f |s a8afe168-f95a-33f7-a936-f76ccc677079  |i 72d5cf76-3d5d-38a6-9a1a-fd0f4482d5f5  |t 0 
952 f f |p ric  |a Texas A&M University  |b Rellis Campus  |c Joint Library Facility  |d Remote Storage  |t 0  |e PQ2670.A586 A6413 2000  |h Library of Congress classification  |i unmediated -- volume  |m A14828415072 
998 f f |a PQ2670.A586 A6413 2000  |t 0  |l Remote Storage